Normal view
MARC view
Entry Topical Term
001 - CONTROL NUMBER
- control field: 7438
003 - CONTROL NUMBER IDENTIFIER
- control field: ARRUPE
005 - DATE AND TIME OF LATEST TRANSACTION
- control field: 20140130164452.0
008 - FIXED-LENGTH DATA ELEMENTS
- fixed length control field: 140130|| aca||aabn | a|a d
040 ## - CATALOGING SOURCE
- Original cataloging agency: ARRUPE
- Transcribing agency: ARRUPE
150 ## - HEADING--TOPICAL TERM
- Topical term or geographic name as entry element: Lord's Supper.
670 ## - SOURCE DATA FOUND
- Source citation: Work cat.: (ARRUPE)0: Davies, Horton. 7437, Bread of life and cup of joy :, c1992.